| 000 | 02415nam0a2200361 4500 | ||
|---|---|---|---|
| 001 | RU\NLR\bibl\1877373 | ||
| 005 | 20260407194714.0 | ||
| 010 |
_a978-5-4227-0049-3 _9500 |
||
| 021 |
_aRU _b2012-10379 _9777 |
||
| 035 | _a(NLR Aleph) 001867170 | ||
| 090 |
_a2611405 _c2611405 |
||
| 100 | _a20120305d2011 |||y0rusy50 ca | ||
| 101 | 0 | _arus | |
| 102 | _aRU | ||
| 105 | _ac ||||||||| | ||
| 200 | 1 |
_aФилософия успеха в жизни воспитанников и педагогов детского дома _eсборник научно-методических материалов _fГос. образоват. учреждение Ин-т декор.-прикл. искусства [и др.] _gпод науч. ред. Н.В. Пановой, [к.п.н., доц.] |
|
| 210 |
_aСанкт-Петербург _cСанкт-Петербургский институт внешнеэкономических связей, экономики и права _d2011 |
||
| 215 |
_a159 с. _cпортр. _d20 |
||
| 300 | _aВ надзаг. также: С.-Петерб. ин-т внешнеэкон. связей, экономики и права, Упр. по образованию Петрогр. р-на, НМЦ Петрогр. р-на Санкт-Петербурга, Гос. образоват. учреждение для детей-сирот и детей, оставшихся без попечения родителей, спец. (коррекц.) дет. дом N 23 Санкт-Петербурга | ||
| 320 | _aБиблиогр. в конце ст. | ||
| 606 | 1 |
_aДетские дома _jМетодические пособия _xПсихологическая служба _92192582 _3RU\NLR\auth\661317940 |
|
| 606 | 1 |
_aДетские дома _jУчебные издания _xУчебно-воспитательная работа _9946897 _3RU\NLR\auth\66351242 |
|
| 686 | _aЮ984.0я7 | ||
| 686 | _aЧ421.342я7 | ||
| 686 | _aЧ421.440.7я7 | ||
| 702 | 1 |
_4340 _8rus _7ca _aПанова _bН. В. _cканд. пед. наук _gНина Васильевна _3RU\NLR\auth\7772833 _955761 |
|
| 712 | 0 | 2 |
_4570 _aИнститут декоративно-прикладного искусства _cСанкт-Петербург _3RU\NLR\AUTH\8810128960 _9754829 |
| 801 | 0 |
_aRU _bNLR _c20120305 _gRCR |
|
| 801 | 1 |
_aRU _bNLR _c20120305 |
|
| 942 | _cBOOK | ||
| 980 | _aNB | ||
| 980 | _aNBR | ||